[Event "CAN-ch Amateur U1400"]
[Site "Kitchener CAN"]
[Date "2010.07.30"]
[Round "1"]
[White "Zhang, John"]
[Black "Michno, Jaden"]
[Result "1-0"]
[WhiteElo "1260"]
[BlackElo "1052"]
[PlyCount "53"]
[EventDate "2010.07.30"]
[EventType "swiss"]
[EventRounds "7"]
[EventCountry "CAN"]

1. e4 d5 2. exd5 Qxd5 3. Nc3 Qa5 4. d4 c6 5. Nf3 Bf5 6. Bc4 e6 7. O-O Bd6 8.
Be3 Nd7 9. Qd2 Bg4 10. Ne1 Qc7 11. h3 Bh5 12. Nd3 Ngf6 13. Nf4 Nb6 14. Bd3 O-O
15. Nxh5 Nxh5 16. Ne4 Bh2+ 17. Kh1 Bf4 18. Be2 Bxe3 19. fxe3 Ng3+ 20. Nxg3 Qxg3
21. Rxf7 Na4 22. Qb4 Nb6 23. Bf3 Qf2 24. Qb3 g5 25. Qxe6 Rab8 26. Qe7 Na8 27.
Rg7+ 1-0

[Event "CAN-ch Amateur U1400"]
[Site "Kitchener CAN"]
[Date "2010.07.31"]
[Round "2"]
[White "Summerfield, Kt"]
[Black "Hu, Henry"]
[Result "1-0"]
[WhiteElo "833"]
[BlackElo "1097"]
[PlyCount "89"]
[EventDate "2010.07.30"]
[EventType "swiss"]
[EventRounds "7"]
[EventCountry "CAN"]

1. e4 e5 2. d4 exd4 3. Qxd4 Nc6 4. Qd1 Nf6 5. Nc3 Bc5 6. Qe2 O-O 7. Be3 Bb4 8.
Bd2 Bxc3 9. Bxc3 Re8 10. O-O-O d6 11. Nf3 Nxe4 12. Qe3 Ng3 13. Qd2 Nxh1 14. Bb5
Qe7 15. Rxh1 Qe2 16. Bxe2 Re4 17. Qg5 Rg4 18. Qh5 Rg6 19. Bd2 Bg4 20. Qd5 Be6
21. Qb5 Rb8 22. Nh4 Nd4 23. Qd3 Nxe2+ 24. Qxe2 Rg4 25. g3 Re8 26. Qe3 b6 27.
Re1 h6 28. f3 Ra4 29. Bc3 Bd7 30. Qd2 Rxe1+ 31. Qxe1 Rxa2 32. Qe4 Ra1+ 33. Kd2
Ra4 34. Qe7 Bc6 35. Qd8+ Kh7 36. Qxc7 Bd5 37. Qxd6 Be6 38. Qe5 f6 39. Qxe6 Ra1
40. Nf5 Kg6 41. Ne7+ Kh7 42. Qf7 Rh1 43. Nf5 Rxh2+ 44. Kd3 Rxc2 45. Qxg7# 1-0

[Event "CAN-ch Amateur U1400"]
[Site "Kitchener CAN"]
[Date "2010.07.31"]
[Round "3"]
[White "Summerfield, Kt"]
[Black "McCleary, Rick"]
[Result "0-1"]
[WhiteElo "833"]
[BlackElo "1148"]
[PlyCount "76"]
[EventDate "2010.07.30"]
[EventType "swiss"]
[EventRounds "7"]
[EventCountry "CAN"]

1. e4 e6 2. Nf3 d5 3. exd5 exd5 4. Qe2+ Be7 5. d4 Nf6 6. Nc3 O-O 7. Bf4 Re8 8.
O-O-O Ba3 9. Qb5 c6 10. Qb3 Bd6 11. g3 b5 12. a4 a6 13. axb5 axb5 14. Nxb5 Ra1+
15. Kd2 Ne4+ 16. Kd3 Rxd1+ 17. Bd2 Nxf2+ 18. Kc3 Nxh1 19. Nxd6 Qxd6 20. Qa3
Qxa3+ 21. bxa3 Rxf1 22. Ne5 Ra1 23. Kb3 Nf2 24. Bc3 Ne4 25. Bxa1 Nd2+ 26. Ka2
Be6 27. Bc3 Ne4 28. Ba5 c5 29. dxc5 d4+ 30. c4 dxc3+ 31. Kb1 Bb3 32. Bc7 Nc6
33. Bd6 f6 34. Nd3 Nxc5 35. Nc1 Re1 36. g4 Nd3 37. Bf4 Nxf4 38. g5 Nd3 0-1

[Event "CAN-ch Amateur U1400"]
[Site "Kitchener CAN"]
[Date "2010.08.01"]
[Round "4"]
[White "McArthur, Ricky"]
[Black "Summerfield, Kt"]
[Result "1-0"]
[WhiteElo "1128"]
[BlackElo "833"]
[PlyCount "51"]
[EventDate "2010.07.30"]
[EventType "swiss"]
[EventRounds "7"]
[EventCountry "CAN"]

1. e4 d5 2. e5 Nc6 3. d4 Nh6 4. Nf3 e6 5. c4 b6 6. a3 Ba6 7. Qa4 Bb7 8. Nc3 a6
9. g3 b5 10. cxb5 axb5 11. Qxb5 Qc8 12. a4 Ra5 13. Qb3 Nb4 14. Bd2 Ba6 15. Nb5
Bxb5 16. Bxb5+ c6 17. Be2 Qb8 18. O-O Ra7 19. Rfc1 Rb7 20. Bxb4 Rxb4 21. Qc3
Rxb2 22. Qxc6+ Kd8 23. Bb5 Qa7 24. Qc8+ Ke7 25. Rc7+ Qxc7 26. Qxc7# 1-0

[Event "CAN-ch Amateur U1400"]
[Site "Kitchener CAN"]
[Date "2010.08.01"]
[Round "4"]
[White "Silva, Brian"]
[Black "Law, Mark"]
[Result "0-1"]
[WhiteElo "630"]
[BlackElo "1218"]
[PlyCount "92"]
[EventDate "2010.07.30"]
[EventType "swiss"]
[EventRounds "7"]
[EventCountry "CAN"]

1. e4 e5 2. Nf3 Nf6 3. Nc3 d6 4. Bb5+ c6 5. Bc4 b5 6. Bd3 b4 7. Na4 Bd7 8. a3
a5 9. O-O c5 10. c3 Bc6 11. Qe2 Bxa4 12. cxb4 Be7 13. bxc5 dxc5 14. Bb5+ Bxb5
15. Qxb5+ Qd7 16. Qxd7+ Nbxd7 17. d3 O-O 18. Bd2 a4 19. Bc3 Bd6 20. Rfe1 Rfe8
21. Re2 Re7 22. Rae1 Rae8 23. b4 Nh5 24. g4 Nf4 25. Re3 Nh3+ 26. Kg2 Nf4+ 27.
Kg1 f6 28. g5 Nh3+ 29. Kg2 Nxg5 30. Nxg5 fxg5 31. f3 Rf8 32. b5 Rb8 33. Rb1 Nb6
34. h3 Reb7 35. Kg3 Nd7 36. h4 gxh4+ 37. Kxh4 Rxb5 38. Rxb5 Rxb5 39. Re2 Rb3
40. Rc2 Rxa3 41. Kg3 Rb3 42. Kf2 Kf7 43. Ke3 Nb6 44. Kd2 a3 45. Kc1 Na4 46. Kd2
h5 0-1

[Event "CAN-ch Amateur U1400"]
[Site "Kitchener CAN"]
[Date "2010.08.01"]
[Round "5"]
[White "Law, Mark"]
[Black "O'Bumsawin, Nicholas"]
[Result "0-1"]
[WhiteElo "1218"]
[BlackElo "1228"]
[PlyCount "63"]
[EventDate "2010.07.30"]
[EventType "swiss"]
[EventRounds "7"]
[EventCountry "CAN"]

1. e4 c5 2. Na3 d6 3. Nf3 Nf6 4. Ng5 e6 5. Bb5+ Nc6 6. Nc4 h6 7. Nf3 d5 8. exd5
exd5 9. O-O Bd6 10. Re1+ Be6 11. Nfe5 Qc7 12. d4 O-O 13. Nxc6 bxc6 14. Bf4 Rab8
15. b3 Rbe8 16. h3 Bf5 17. Na3 cxd4 18. Qxd4 cxb5 19. Qd2 Be5 20. Bxe5 Rxe5 21.
h4 Rfe8 22. Kf1 Rxe1+ 23. Rxe1 Rxe1+ 24. Kxe1 Qe5+ 25. Kf1 d4 26. Nxb5 a6 27.
Na3 d3 28. c3 Qh2 29. f3 h5 30. Nc4 Bh3 31. Ne3 a5 32. a3 0-1

[Event "CAN-ch Amateur U1400"]
[Site "Kitchener CAN"]
[Date "2010.08.01"]
[Round "5"]
[White "Summerfield, Kt"]
[Black "Silva, Brian"]
[Result "1-0"]
[WhiteElo "833"]
[BlackElo "630"]
[PlyCount "47"]
[EventDate "2010.07.30"]
[EventType "swiss"]
[EventRounds "7"]
[EventCountry "CAN"]

1. e4 g6 2. Bc4 Nf6 3. Nc3 Bh6 4. d4 e6 5. Bxh6 Nc6 6. Bg7 Rg8 7. Bxf6 Qxf6 8.
e5 Qe7 9. Qf3 Nxd4 10. Qd3 c5 11. O-O-O d6 12. Bb5+ Bd7 13. Nf3 Bxb5 14. Nxb5
Nxb5 15. Qxb5+ Qd7 16. Qxd7+ Kxd7 17. exd6 Rac8 18. Ne5+ Kd8 19. d7 Rc7 20.
Nxf7+ Ke7 21. d8=Q+ Rxd8 22. Nxd8 Kf6 23. Rd6 Ke7 24. Rhd1 1-0

[Event "CAN-ch Amateur U1400"]
[Site "Kitchener CAN"]
[Date "2010.08.02"]
[Round "6"]
[White "Baki, Shaumik"]
[Black "McArthur, Ricky"]
[Result "1/2-1/2"]
[WhiteElo "1378"]
[BlackElo "1128"]
[PlyCount "48"]
[EventDate "2010.07.30"]
[EventType "swiss"]
[EventRounds "7"]
[EventCountry "CAN"]

1. e4 e5 2. Nf3 Nc6 3. Bc4 Nf6 4. d3 h6 5. O-O d5 6. exd5 Nxd5 7. h3 Bc5 8. Re1
Qd6 9. Bxd5 Qxd5 10. Nc3 Qe6 11. Be3 Bxe3 12. Rxe3 O-O 13. d4 Qg6 14. Nxe5 Nxe5
15. dxe5 Bf5 16. Nd5 Qh7 17. Ne7+ Kh8 18. Nxf5 Qxf5 19. Qd3 Qe6 20. Qb3 Qc6 21.
Rd1 Rad8 22. Rdd3 Rxd3 23. Qxd3 Re8 24. Qf5 Qd5 1/2-1/2

[Event "CAN-ch Amateur U1400"]
[Site "Kitchener CAN"]
[Date "2010.08.02"]
[Round "6"]
[White "Michno, Jaden"]
[Black "Hu, Henry"]
[Result "0-1"]
[WhiteElo "1052"]
[BlackElo "1097"]
[PlyCount "74"]
[EventDate "2010.07.30"]
[EventType "swiss"]
[EventRounds "7"]
[EventCountry "CAN"]

1. d4 d5 2. Nf3 Bg4 3. Nc3 Nf6 4. Bf4 e6 5. Nb5 Bd6 6. Bxd6 cxd6 7. c3 a6 8.
Na3 Ne4 9. h3 Bh5 10. Qc2 Bg6 11. Qd1 Nc6 12. e3 e5 13. Bd3 exd4 14. exd4 Qe7
15. O-O O-O 16. Be2 Rae8 17. Re1 Qd8 18. Qb3 Nf6 19. Qxb7 Qa8 20. Qxa8 Rxa8 21.
Nh4 Ne4 22. Nxg6 fxg6 23. Rf1 Nd2 24. Rfe1 Rab8 25. b3 Ne4 26. Bf3 Rf4 27. g3
Rxf3 28. Rac1 Rxf2 29. c4 Rxa2 30. cxd5 Rxb3 31. dxc6 Rb8 32. Rxe4 Rxa3 33. Rg4
Rc8 34. d5 Rd3 35. Rg5 Kf7 36. Kf2 Kf6 37. Rg4 Rxd5 0-1

[Event "CAN-ch Amateur U1400"]
[Site "Kitchener CAN"]
[Date "2010.08.02"]
[Round "6"]
[White "Wang, Constance"]
[Black "Summerfield, Kt"]
[Result "1-0"]
[WhiteElo "992"]
[BlackElo "833"]
[PlyCount "101"]
[EventDate "2010.07.30"]
[EventType "swiss"]
[EventRounds "7"]
[EventCountry "CAN"]

1. e4 d5 2. exd5 Qxd5 3. Nc3 Qd6 4. d4 Nf6 5. Nf3 Be6 6. Be2 Ng4 7. Bg5 Bf5 8.
Qd2 Nc6 9. h3 Nf6 10. O-O-O Nb4 11. Bd3 Be6 12. a3 Ne4 13. Bxe4 Na6 14. Bxb7
Rb8 15. Bxa6 Qxa6 16. Qd3 Qb6 17. b3 Bxb3 18. cxb3 Qxb3 19. Kd2 Qxa3 20. Rb1
Rd8 21. Qb5+ Rd7 22. Ne5 Qd6 23. Qxd7+ Qxd7 24. Nxd7 Kxd7 25. Ra1 e6 26. Rxa7
Bb4 27. Bf4 Rd8 28. Rxc7+ Ke8 29. Ra1 f6 30. Raa7 Rxd4+ 31. Ke3 e5 32. Ra8+ Rd8
33. Rxd8+ Kxd8 34. Rc4 Ba5 35. Bh2 Bb6+ 36. Ke2 g6 37. Nd5 Bd4 38. Nxf6 Ke7 39.
Nxh7 Ke6 40. Nf8+ Kd5 41. Rc2 e4 42. Nxg6 Bb6 43. h4 Ke6 44. h5 Kf7 45. g4 Kg7
46. Bf4 Kf6 47. Rc6+ Kg7 48. Rxb6 Kf7 49. h6 Kg8 50. Rb7 e3 51. h7# 1-0

[Event "CAN-ch Amateur U1700"]
[Site "Kitchener CAN"]
[Date "2010.07.30"]
[Round "1"]
[White "Elez, Matija"]
[Black "Chuchin, Sasha"]
[Result "1-0"]
[WhiteElo "1646"]
[BlackElo "1514"]
[PlyCount "85"]
[EventDate "2010.07.30"]
[EventType "swiss"]
[EventRounds "7"]
[EventCountry "CAN"]

1. d4 d5 2. c4 c6 3. Nf3 Bf5 4. Qb3 Qc8 5. Nc3 e6 6. Bf4 dxc4 7. Qxc4 Nd7 8. e4
Nb6 9. Qb3 Bg6 10. d5 exd5 11. exd5 cxd5 12. Bb5+ Kd8 13. Nxd5 Qe6+ 14. Ne3
Qxb3 15. axb3 Bb4+ 16. Ke2 a6 17. Rhd1+ Ke7 18. Bc7 axb5 19. Bxb6 Nf6 20. Rac1
Rhc8 21. Bd4 Be4 22. Ng5 Bc6 23. Nf5+ Kf8 24. Bxf6 gxf6 25. Nxh7+ Kg8 26. Nxf6+
Kf8 27. Rd4 Be7 28. Nh7+ Kg8 29. Nxe7+ Kxh7 30. Nxc8 Rxc8 31. Rc3 Kg8 32. Rh3
Rc7 33. Rg4+ Kf8 34. Kd3 Rd7+ 35. Rd4 Re7 36. Re3 Rc7 37. h4 Rc8 38. g4 b4 39.
Re5 Bf3 40. Rxb4 Bd1 41. g5 Bc2+ 42. Ke3 Rd8 43. Rd4 1-0

[Event "CAN-ch Amateur U1700"]
[Site "Kitchener CAN"]
[Date "2010.07.31"]
[Round "1"]
[White "Song, Lin"]
[Black "Cabioc, Jose"]
[Result "1-0"]
[WhiteElo "1520"]
[BlackElo "1656"]
[PlyCount "41"]
[EventDate "2010.07.30"]
[EventType "swiss"]
[EventRounds "7"]
[EventCountry "CAN"]

1. e4 c5 2. Na3 e6 3. c3 a6 4. Nf3 d6 5. d4 cxd4 6. cxd4 Nf6 7. Bd3 b5 8. Nc2
Bb7 9. Qe2 Nbd7 10. O-O Be7 11. Bg5 O-O 12. h3 Re8 13. Rfd1 g6 14. Nh2 d5 15.
e5 Ne4 16. Bxe7 Qxe7 17. Bxe4 dxe4 18. Ne3 f6 19. Neg4 fxe5 20. dxe5 h5 21.
Rxd7 1-0

[Event "CAN-ch Amateur U1700"]
[Site "Kitchener CAN"]
[Date "2010.07.31"]
[Round "2"]
[White "Ensor, Tyler"]
[Black "Li, Qiang"]
[Result "1-0"]
[WhiteElo "1540"]
[BlackElo "1640"]
[PlyCount "73"]
[EventDate "2010.07.30"]
[EventType "swiss"]
[EventRounds "7"]
[EventCountry "CAN"]

1. d4 d5 2. c4 c6 3. Nf3 Nf6 4. e3 Bg4 5. b3 e6 6. Nbd2 Bd6 7. Bd3 O-O 8. Bb2
Na6 9. a3 Nc7 10. Qc2 Rc8 11. O-O h6 12. Ne5 c5 13. dxc5 Bxe5 14. Bxe5 Nd7 15.
Bd6 Re8 16. b4 b6 17. c6 Nf6 18. Bxc7 Qxc7 19. b5 Qe5 20. c5 d4 21. exd4 Qxd4
22. Nb3 Qd5 23. cxb6 axb6 24. f3 Bh5 25. Rfd1 Qg5 26. Be4 Nxe4 27. Qxe4 Qxb5
28. Nd4 Qa4 29. Qe5 Bg6 30. c7 Qa5 31. Qxa5 bxa5 32. Nb5 Rf8 33. Rd7 Bc2 34.
Nd6 g6 35. Nxc8 Rxc8 36. Rb1 Kf8 37. Rb8 1-0

[Event "CAN-ch Amateur U1700"]
[Site "Kitchener CAN"]
[Date "2010.07.31"]
[Round "2"]
[White "Li, Yinshi"]
[Black "Law, James"]
[Result "1/2-1/2"]
[WhiteElo "1634"]
[BlackElo "1440"]
[PlyCount "42"]
[EventDate "2010.07.30"]
[EventType "swiss"]
[EventRounds "7"]
[EventCountry "CAN"]

1. d4 d5 2. c4 e6 3. Nc3 c5 4. cxd5 exd5 5. dxc5 Nf6 6. Bg5 Bxc5 7. e3 d4 8.
exd4 Qxd4 9. Qxd4 Bxd4 10. Bb5+ Bd7 11. Bxd7+ Nbxd7 12. Nge2 Bxc3+ 13. Nxc3 O-O
14. O-O h6 15. Bf4 Nb6 16. Rfe1 Nfd5 17. Nxd5 Nxd5 18. Bg3 Nb4 19. Re7 b6 20.
a3 Nd5 21. Rd7 Nf6 1/2-1/2

[Event "CAN-ch Amateur U1700"]
[Site "Kitchener CAN"]
[Date "2010.07.31"]
[Round "2"]
[White "Milinkovic, Mate"]
[Black "Mills, Matthew"]
[Result "1-0"]
[WhiteElo "1666"]
[BlackElo "1428"]
[PlyCount "31"]
[EventDate "2010.07.30"]
[EventType "swiss"]
[EventRounds "7"]
[EventCountry "CAN"]

1. e4 c5 2. Nf3 d6 3. d4 Bd7 4. dxc5 dxc5 5. Nc3 Nc6 6. Bc4 g6 7. Be3 Qb6 8.
Rb1 Rd8 9. Nd5 Qa5+ 10. Bd2 Nb4 11. a3 Rc8 12. axb4 cxb4 13. Bxb4 Qa4 14. Ra1
Qc6 15. Ne5 Qe6 16. Nc7+ 1-0

[Event "CAN-ch Amateur U1700"]
[Site "Kitchener CAN"]
[Date "2010.07.31"]
[Round "3"]
[White "Li, Qiang"]
[Black "Chuchin, Sasha"]
[Result "1-0"]
[WhiteElo "1640"]
[BlackElo "1514"]
[PlyCount "59"]
[EventDate "2010.07.30"]
[EventType "swiss"]
[EventRounds "7"]
[EventCountry "CAN"]

1. d4 d5 2. c4 c6 3. Nc3 Bf5 4. cxd5 cxd5 5. Qb3 b6 6. Qxd5 Qxd5 7. Nxd5 Na6 8.
e3 Rd8 9. Bb5+ Rd7 10. a3 e6 11. Nc3 Nc7 12. Bc6 Nf6 13. Nf3 Bd3 14. Ne5 Ba6
15. Bd2 Bd6 16. Nxd7 Nxd7 17. O-O-O Ke7 18. e4 e5 19. Bxd7 Kxd7 20. dxe5 Bxe5
21. f4 Bf6 22. Be3+ Kc8 23. Bd4 Be7 24. Rd2 f6 25. e5 Kb8 26. exf6 gxf6 27. Re1
Bd8 28. Bf2 f5 29. Re5 Rg8 30. Rxf5 1-0

[Event "CAN-ch Amateur U1700"]
[Site "Kitchener CAN"]
[Date "2010.07.31"]
[Round "3"]
[White "Williamson, James"]
[Black "Li, Yinshi"]
[Result "0-1"]
[WhiteElo "1402"]
[BlackElo "1634"]
[PlyCount "90"]
[EventDate "2010.07.30"]
[EventType "swiss"]
[EventRounds "7"]
[EventCountry "CAN"]

1. e4 e6 2. Nf3 d5 3. exd5 exd5 4. d4 Nf6 5. Nc3 Be7 6. Be3 O-O 7. Bd3 Bg4 8.
h3 Bh5 9. g4 Bg6 10. Ne5 Bxd3 11. Qxd3 c6 12. O-O-O Nbd7 13. Kb1 Qc7 14. Nxd7
Nxd7 15. f4 Rfe8 16. Rdf1 Nb6 17. b3 Rad8 18. Bc1 Nc8 19. h4 Nd6 20. Rh3 Qd7
21. f5 Ne4 22. Nxe4 dxe4 23. Qxe4 Qxd4 24. Qxd4 Rxd4 25. Re3 Kf8 26. Rfe1 Rdd8
27. g5 Bc5 28. Rxe8+ Rxe8 29. Rxe8+ Kxe8 30. Bf4 g6 31. fxg6 fxg6 32. Bg3 Kf7
33. Kc1 Ke6 34. Kd1 Kf5 35. Ke2 Kg4 36. Be1 Bd6 37. c4 Bg3 38. Bxg3 Kxg3 39.
Ke3 Kxh4 40. Kf4 c5 41. a4 b6 42. a5 bxa5 43. Ke5 Kxg5 44. Kd5 h5 45. Kxc5 h4
0-1

[Event "CAN-ch Amateur U1700"]
[Site "Kitchener CAN"]
[Date "2010.08.01"]
[Round "4"]
[White "Fang, Tina"]
[Black "Law, James"]
[Result "1-0"]
[WhiteElo "1638"]
[BlackElo "1440"]
[PlyCount "59"]
[EventDate "2010.07.30"]
[EventType "swiss"]
[EventRounds "7"]
[EventCountry "CAN"]

1. e4 d5 2. exd5 Qxd5 3. d4 c6 4. c4 Qa5+ 5. Nc3 Nf6 6. Bd3 e5 7. dxe5 Qxe5+ 8.
Nge2 Bd6 9. Bf4 Qe7 10. Bxd6 Qxd6 11. O-O O-O 12. Bxh7+ Nxh7 13. Qxd6 Re8 14.
Rae1 Be6 15. Nd4 Ng5 16. h4 Nh7 17. Nxe6 fxe6 18. Rxe6 Rxe6 19. Qxe6+ Kf8 20.
Qc8+ Kf7 21. Qxb7+ Kg8 22. Qxa8 Nf8 23. Qxb8 a5 24. Re1 c5 25. Re8 Kh7 26. Rxf8
a4 27. Rh8+ Kg6 28. Qd6+ Kf5 29. Rf8+ Kg4 30. Qg6+ 1-0

[Event "CAN-ch Amateur U1700"]
[Site "Kitchener CAN"]
[Date "2010.08.01"]
[Round "4"]
[White "Leu, Stephen"]
[Black "Li, Qiang"]
[Result "0-1"]
[WhiteElo "1496"]
[BlackElo "1640"]
[PlyCount "84"]
[EventDate "2010.07.30"]
[EventType "swiss"]
[EventRounds "7"]
[EventCountry "CAN"]

1. e4 e6 2. d4 d5 3. Nd2 Nf6 4. e5 Nfd7 5. Ngf3 c5 6. c3 Nc6 7. Be2 a6 8. O-O
b5 9. Nb3 Qb6 10. Be3 c4 11. Nbd2 Be7 12. Ng5 h6 13. Ngf3 O-O 14. h3 f5 15.
exf6 Nxf6 16. Nh2 Qc7 17. Ng4 Nxg4 18. Bxg4 e5 19. Bh5 exd4 20. cxd4 Bf5 21.
Re1 Nb4 22. Rf1 Bd3 23. Be2 Bc2 24. Qc1 Bf5 25. Qd1 Bf6 26. Nf3 Rae8 27. Qd2
Nc2 28. Rac1 Nxe3 29. fxe3 Qg3 30. Kh1 Be4 31. Rg1 Bh4 32. Rgf1 Bg5 33. Rce1
Rf5 34. Bd1 Bd3 35. Rg1 Kh8 36. Bc2 Rxf3 37. gxf3 Qxh3+ 38. Qh2 Qxf3+ 39. Qg2
Qh5+ 40. Qh2 Qxh2+ 41. Kxh2 Bxc2 42. Rg2 Bd3 0-1

[Event "CAN-ch Amateur U1700"]
[Site "Kitchener CAN"]
[Date "2010.08.01"]
[Round "5"]
[White "Brauer, Mark"]
[Black "Li, Qiang"]
[Result "1-0"]
[WhiteElo "1562"]
[BlackElo "1640"]
[PlyCount "88"]
[EventDate "2010.07.30"]
[EventType "swiss"]
[EventRounds "7"]
[EventCountry "CAN"]

1. e4 e6 2. d4 d5 3. Nd2 Nf6 4. e5 Nfd7 5. Bd3 c5 6. c3 Nc6 7. Ne2 a6 8. f4 Be7
9. Nf3 b5 10. O-O Qb6 11. f5 cxd4 12. cxd4 exf5 13. Bxf5 Ncxe5 14. Nxe5 Nxe5
15. Qc2 Nd7 16. Be3 h6 17. Nc3 Nf6 18. Rae1 O-O 19. Bxh6 gxh6 20. Rxe7 Qxd4+
21. Kh1 Bxf5 22. Qxf5 Rfe8 23. Rxe8+ Rxe8 24. Nxd5 Qxd5 25. Qxf6 Qe6 26. Qxe6
Rxe6 27. Kg1 Kg7 28. g3 Kg6 29. Kg2 a5 30. Rf2 f5 31. Kf3 b4 32. Re2 Rd6 33. b3
Kf6 34. Kf4 h5 35. Rc2 Rd4+ 36. Ke3 Rd5 37. Rc6+ Kg5 38. h4+ Kg4 39. Rg6+ Kh3
40. Rg5 Re5+ 41. Kf3 Rc5 42. Rxh5 Rc2 43. Rxf5 Rxa2 44. Re5 Ra3 1-0

[Event "CAN-ch Amateur U1700"]
[Site "Kitchener CAN"]
[Date "2010.08.01"]
[Round "5"]
[White "Brown, John"]
[Black "Mills, Matthew"]
[Result "1-0"]
[WhiteElo "1666"]
[BlackElo "1428"]
[PlyCount "33"]
[EventDate "2010.07.30"]
[EventType "swiss"]
[EventRounds "7"]
[EventCountry "CAN"]

1. e4 d6 2. d4 g6 3. f4 Bg7 4. Nc3 Nd7 5. Nf3 c5 6. dxc5 Nxc5 7. Bd3 Bxc3+ 8.
bxc3 Nf6 9. e5 dxe5 10. fxe5 Nd5 11. Bb5+ Kf8 12. O-O Qb6 13. Qxd5 Nb3+ 14. Nd4
e6 15. Qf3 Qc7 16. Bh6+ Kg8 17. Qf6 1-0

[Event "CAN-ch Amateur U1700"]
[Site "Kitchener CAN"]
[Date "2010.08.01"]
[Round "5"]
[White "Moorehouse, Daniel"]
[Black "Law, James"]
[Result "1-0"]
[WhiteElo "1660"]
[BlackElo "1440"]
[PlyCount "61"]
[EventDate "2010.07.30"]
[EventType "swiss"]
[EventRounds "7"]
[EventCountry "CAN"]

1. Nf3 d5 2. d4 c5 3. dxc5 e6 4. c4 Nf6 5. cxd5 exd5 6. b4 Nc6 7. a3 g6 8. Bb2
Bg7 9. e3 O-O 10. Bb5 Re8 11. O-O a6 12. Bxc6 bxc6 13. Nbd2 a5 14. Qc2 Bf5 15.
Qc1 Re6 16. Nd4 Qe7 17. Nxe6 fxe6 18. Nf3 Ne4 19. Bxg7 Qxg7 20. Nd4 Bg4 21. f3
Bxf3 22. Rxf3 Ng5 23. Rf1 axb4 24. axb4 Rc8 25. Nxc6 Qc7 26. Nd4 Qe7 27. Qa3
Ne4 28. Qa6 Re8 29. Qa7 Qg5 30. Qf7+ Kh8 31. Qxe8+ 1-0

[Event "CAN-ch Amateur U1700"]
[Site "Kitchener CAN"]
[Date "2010.08.02"]
[Round "6"]
[White "Law, James"]
[Black "Brown, John"]
[Result "1-0"]
[WhiteElo "1440"]
[BlackElo "1666"]
[PlyCount "61"]
[EventDate "2010.07.30"]
[EventType "swiss"]
[EventRounds "7"]
[EventCountry "CAN"]

1. d4 e5 2. dxe5 Nc6 3. f4 f6 4. exf6 Nxf6 5. Nc3 Bb4 6. Bd2 O-O 7. a3 Ba5 8.
b4 Bb6 9. Na4 Ne4 10. Nxb6 Qh4+ 11. g3 Nxg3 12. Qb1 Nxh1+ 13. Kd1 axb6 14. Qb3+
Kh8 15. Nf3 Qf6 16. Bc3 Qxf4 17. Ke1 Qe3 18. Bxg7+ Kxg7 19. Qxe3 d6 20. Qg1+
Kf7 21. Qxh1 Nxb4 22. Kd2 Bf5 23. Nd4 Bg6 24. Bh3 Nc6 25. Qd5+ Ke8 26. Qe6+ Ne7
27. Qd7+ Kf7 28. Rf1+ Kg7 29. Qxe7+ Bf7 30. Rg1+ Kh8 31. Qf6# 1-0

[Event "CAN-ch Amateur U1700"]
[Site "Kitchener CAN"]
[Date "2010.08.02"]
[Round "6"]
[White "Mills, Matthew"]
[Black "Song, Lin"]
[Result "0-1"]
[WhiteElo "1428"]
[BlackElo "1520"]
[PlyCount "68"]
[EventDate "2010.07.30"]
[EventType "swiss"]
[EventRounds "7"]
[EventCountry "CAN"]

1. g3 e5 2. Bg2 d5 3. d3 Nf6 4. Nd2 Nc6 5. c4 Be6 6. Qb3 Bb4 7. a3 Nd4 8. Qa4+
Bd7 9. Qd1 Bxd2+ 10. Qxd2 Nb3 11. Qb4 Nxa1 12. Qxb7 Qb8 13. Qa6 Qb6 14. Qxb6
cxb6 15. cxd5 Rc8 16. Be3 Nc2+ 17. Kd2 Nxe3 18. fxe3 Ba4 19. b4 Rc2+ 20. Ke1
Ng4 21. e4 Rc1+ 22. Kd2 Rd1+ 23. Kc3 Nf2 24. Nf3 Nxh1 25. Nxe5 O-O 26. Bh3 Nf2
27. Bg2 f6 28. Nc4 Rc8 29. d6 b5 30. d7 Rd8 31. Nb2 Rc1+ 32. Kd2 Rc2+ 33. Ke1
Rxb2 34. Kxf2 Rxd7 0-1

[Event "CAN-ch Amateur U2100"]
[Site "Kitchener CAN"]
[Date "2010.07.30"]
[Round "1"]
[White "Becker, Paul"]
[Black "Liu, Steven"]
[Result "1-0"]
[WhiteElo "2035"]
[BlackElo "1908"]
[PlyCount "37"]
[EventDate "2010.07.30"]
[EventType "swiss"]
[EventRounds "7"]
[EventCountry "CAN"]

1. e4 e6 2. d4 d5 3. Nc3 Bb4 4. e5 Bxc3+ 5. bxc3 c5 6. h4 c4 7. h5 h6 8. Qg4
Kf8 9. Rh3 f5 10. exf6 Nxf6 11. Rf3 e5 12. Rxf6+ gxf6 13. Ba3+ Kf7 14. Qg6+ Ke6
15. dxe5 Nc6 16. g3 Nxe5 17. Bh3+ Ng4 18. Bxg4+ Ke5 19. Nf3# 1-0

[Event "CAN-ch Amateur U2100"]
[Site "Kitchener CAN"]
[Date "2010.07.30"]
[Round "1"]
[White "Cunningham, Ross"]
[Black "Both, Aaron"]
[Result "0-1"]
[WhiteElo "1855"]
[BlackElo "2009"]
[PlyCount "76"]
[EventDate "2010.07.30"]
[EventType "swiss"]
[EventRounds "7"]
[EventCountry "CAN"]

1. e4 c5 2. Nf3 e6 3. d4 cxd4 4. Nxd4 a6 5. Nc3 Qc7 6. g3 Nf6 7. Bg2 Nc6 8. Be3
Bb4 9. O-O O-O 10. Nce2 d5 11. c3 Be7 12. exd5 Nxd5 13. Bd2 Rd8 14. Qb3 Na5 15.
Qc2 e5 16. Nf5 Bxf5 17. Qxf5 g6 18. Qf3 Nc4 19. Bh6 f5 20. g4 f4 21. Rfd1 Ncb6
22. Rac1 Rab8 23. g5 Qc5 24. h4 Nc7 25. h5 Rd6 26. Qe4 Rbd8 27. Re1 Bf8 28.
Qxb7 Bxh6 29. gxh6 gxh5 30. a3 Rg6 31. Kf1 Nc4 32. b4 Nd2+ 33. Kg1 Qc4 34. Kh1
f3 35. Ng3 Qh4+ 36. Kg1 Rxg3 37. fxg3 Qxg3 38. Re2 fxe2 0-1

[Event "CAN-ch Amateur U2100"]
[Site "Kitchener CAN"]
[Date "2010.07.30"]
[Round "1"]
[White "Erickson, John"]
[Black "Bzikot, Robert"]
[Result "1-0"]
[WhiteElo "1775"]
[BlackElo "2004"]
[PlyCount "89"]
[EventDate "2010.07.30"]
[EventType "swiss"]
[EventRounds "7"]
[EventCountry "CAN"]

1. d4 d5 2. Nf3 Nf6 3. Bf4 e6 4. e3 Nh5 5. Bg5 Nf6 6. c4 c6 7. Nc3 Be7 8. Be2
O-O 9. O-O h6 10. Bh4 Nbd7 11. a3 dxc4 12. Bxc4 c5 13. dxc5 Nxc5 14. b4 Ncd7
15. Nb5 a6 16. Nbd4 Nd5 17. Bxd5 Bxh4 18. Bxe6 Bf6 19. Bb3 Ne5 20. Nxe5 Bxe5
21. Rc1 Qf6 22. Qd3 Rd8 23. Rfd1 Bg4 24. Rd2 Rd6 25. f4 Bxd4 26. exd4 Qxf4 27.
Rf1 Qg5 28. Rxf7 Be6 29. Rf1 Kh8 30. Rdf2 Bxb3 31. Qxb3 Rdd8 32. Rf3 Qh4 33.
Rf4 Qe7 34. Qg3 Qd7 35. Kh1 Re8 36. h3 Rac8 37. R1f3 Qd5 38. Qg6 Red8 39. Rh4
Rd6 40. Qd3 Rdc6 41. Rhf4 Qd6 42. h4 Rc1+ 43. Kh2 R1c3 44. Qf5 Rxf3 45. Qxc8+
1-0

[Event "CAN-ch Amateur U2100"]
[Site "Kitchener CAN"]
[Date "2010.07.30"]
[Round "1"]
[White "Fu, James"]
[Black "Cormier, Adam"]
[Result "1/2-1/2"]
[WhiteElo "2023"]
[BlackElo "1879"]
[PlyCount "124"]
[EventDate "2010.07.30"]
[EventType "swiss"]
[EventRounds "7"]
[EventCountry "CAN"]

1. e4 c5 2. Nf3 d6 3. d4 cxd4 4. Nxd4 Nf6 5. Nc3 a6 6. a4 e5 7. Nf3 Be7 8. Bd3
O-O 9. h3 Be6 10. O-O h6 11. Nh2 Nbd7 12. a5 Nc5 13. f4 Nxd3 14. cxd3 exf4 15.
Bxf4 d5 16. e5 Nh7 17. Rf3 Rc8 18. d4 Bb4 19. Rg3 Kh8 20. Qb3 Bxa5 21. Qxb7 Qb6
22. Qxb6 Bxb6 23. Rd3 Rc4 24. Nf3 a5 25. b3 Rb4 26. Na4 Bf5 27. Rd2 Rxb3 28.
Nxb6 Rxb6 29. Rxa5 Be6 30. Ne1 g5 31. Bg3 Rfb8 32. Nd3 Kg7 33. Nc5 Kg6 34. Be1
h5 35. Re2 Rb5 36. Ra6 R8b6 37. Ra7 Rb2 38. Re3 Rc2 39. Rb3 Rxb3 40. Nxb3 Rc4
41. Ra6 Kf5 42. Kf2 Nf8 43. Bd2 Ng6 44. Ra1 Ne7 45. Ke2 Kg6 46. Rf1 Nf5 47. Kd3
h4 48. Bc3 Bd7 49. Kd2 Ng3 50. Rf6+ Kg7 51. Nc5 Bf5 52. Ra6 Ne4+ 53. Nxe4 Bxe4
54. Ra1 Bxg2 55. Rg1 Bxh3 56. Rxg5+ Kh6 57. Rg1 Be6 58. Rc1 h3 59. Ke3 h2 60.
Kd2 Ra4 61. Bb2 Rb4 62. Bc3 Ra4 1/2-1/2